<?xml version="1.0" encoding="UTF-8"?><?xml-stylesheet type="text/xsl" href="static/style.xsl"?><OAI-PMH xmlns="http://www.openarchives.org/OAI/2.0/" xmlns:xsi="http://www.w3.org/2001/XMLSchema-instance" xsi:schemaLocation="http://www.openarchives.org/OAI/2.0/ http://www.openarchives.org/OAI/2.0/OAI-PMH.xsd"><responseDate>2026-04-14T18:27:16Z</responseDate><request verb="GetRecord" identifier="oai:uvadoc.uva.es:10324/9657" metadataPrefix="marc">https://uvadoc.uva.es/oai/request</request><GetRecord><record><header><identifier>oai:uvadoc.uva.es:10324/9657</identifier><datestamp>2021-06-30T08:03:02Z</datestamp><setSpec>com_10324_6401</setSpec><setSpec>com_10324_5186</setSpec><setSpec>com_10324_29291</setSpec><setSpec>col_10324_6407</setSpec></header><metadata><record xmlns="http://www.loc.gov/MARC21/slim" xmlns:doc="http://www.lyncode.com/xoai" xmlns:xsi="http://www.w3.org/2001/XMLSchema-instance" xmlns:dcterms="http://purl.org/dc/terms/" xsi:schemaLocation="http://www.loc.gov/MARC21/slim http://www.loc.gov/standards/marcxml/schema/MARC21slim.xsd">
<leader>00925njm 22002777a 4500</leader>
<datafield tag="042" ind1=" " ind2=" ">
<subfield code="a">dc</subfield>
</datafield>
<datafield tag="720" ind1=" " ind2=" ">
<subfield code="a">Létourneau, Jocelyn</subfield>
<subfield code="e">author</subfield>
</datafield>
<datafield tag="260" ind1=" " ind2=" ">
<subfield code="c">2008</subfield>
</datafield>
<datafield tag="520" ind1=" " ind2=" ">
<subfield code="a">En este artículo, el autor rechaza la idea según la cual la historia, como método de investigación de la condición humana a lo largo del tiempo, conoce una crisis. Habla, esencialmente, de los desafíos que caracterizan la pregunta actual de la historia. Escribir una historia 'justa" del pasado, elaborar una metáfora de aprehensión del mundo que permita entenderlo como una gran estructura disonante, y reformular la cuestión de la relación del yo con el nosotros -de modo que ni la autonomía del sujeto, ni su deseo de completitud social, ni la fuerza de los sistemas sobre él sean discutidos- se encuentran seguramente entre los mayores desafíos que se les plantean a los historiadores.</subfield>
</datafield>
<datafield tag="520" ind1=" " ind2=" ">
<subfield code="a">In this article, the author refutes the idea that history, as an investigation of the human condition over time, is in crisis. He addresses instead the challenges facing historians. To write a "just" account of the past; to craft a metaphor that grasps the world in its dissonance; and to rethink the relation between the self and the "we" in a way that neither the autonomy of the subject nor its will to participate in the society is disputed, are among the most important problems historians currently have to deal with.</subfield>
</datafield>
<datafield tag="024" ind2=" " ind1="8">
<subfield code="a">Edad Media: revista de historia, 2008, N.9, pags.87-103</subfield>
</datafield>
<datafield tag="024" ind2=" " ind1="8">
<subfield code="a">1138-9621</subfield>
</datafield>
<datafield tag="024" ind2=" " ind1="8">
<subfield code="a">http://uvadoc.uva.es/handle/10324/9657</subfield>
</datafield>
<datafield tag="024" ind2=" " ind1="8">
<subfield code="a">87</subfield>
</datafield>
<datafield tag="024" ind2=" " ind1="8">
<subfield code="a">9</subfield>
</datafield>
<datafield tag="024" ind2=" " ind1="8">
<subfield code="a">103</subfield>
</datafield>
<datafield tag="024" ind2=" " ind1="8">
<subfield code="a">Edad Media: revista de historia</subfield>
</datafield>
<datafield ind1=" " ind2=" " tag="653">
<subfield code="a">Edad Media</subfield>
</datafield>
<datafield tag="245" ind1="0" ind2="0">
<subfield code="a">Clio en crise?: trois défis à l'interrogation historienne actuelle</subfield>
</datafield>
</record></metadata></record></GetRecord></OAI-PMH>